Central Library OPAC University of Rajshahi

North American landscape / (Record no. 23012)

MARC details
000 -LEADER
fixed length control field 00871nam a22002771 4500
001 - CONTROL NUMBER
control field 23012
003 - CONTROL NUMBER IDENTIFIER
rucl marc code BD-RjUL
005 - DATE AND TIME OF LATEST TRANSACTION
control field 20211209000900.0
008 - FIXED-LENGTH DATA ELEMENTS--GENERAL INFORMATION
fixed length control field 140310s1965 enka 000 0 eng
035 ## - SYSTEM CONTROL NUMBER
System control number (BD-RjUL)23077
System control number (OCoLC)419318
040 ## - CATALOGING SOURCE
Original cataloging agency DLC
Transcribing agency ODaWU
Modifying agency OCoLC
-- CaOONL
-- Uk
-- DLC
-- BD-RjUL
Language of cataloging eng
041 ## - LANGUAGE CODE
Language code of text/sound track or separate title eng
055 01 - CLASSIFICATION NUMBERS ASSIGNED IN CANADA
Classification number E27.2
082 ## - DEWEY DECIMAL CLASSIFICATION NUMBER
Classification number 917
Author mark and year MON 1965
100 1# - MAIN ENTRY--PERSONAL NAME
Personal name Monkhouse, Francis John.
9 (RLIN) 70980
245 10 - TITLE STATEMENT
Title North American landscape /
Statement of responsibility, etc. F.J. Monkhouse and A.V. Hardy.
260 ## - PUBLICATION, DISTRIBUTION, ETC. (IMPRINT)
Place of publication, distribution, etc. Cambridge [Eng.] :
Name of publisher, distributor, etc. University Press,
Date of publication, distribution, etc. c1965.
300 ## - PHYSICAL DESCRIPTION
Pagination 94 p. :
Illustrations ill. ;
Size 26 cm.
651 #0 - SUBJECT ADDED ENTRY--GEOGRAPHIC NAME
Geographic name United States
General subdivision Description and travel.
9 (RLIN) 61957
Geographic name Canada
General subdivision Description and travel.
9 (RLIN) 68747
700 1# - ADDED ENTRY--PERSONAL NAME
Personal name Hardy, A. V.
Fuller form of name (Albert Victor),
Dates associated with a name 1912-
Relator term joint author.
942 ## - ADDED ENTRY ELEMENTS (KOHA)
Source of classification or shelving scheme Dewey Decimal Classification
Koha item type Books
Holdings
Lost status Source of classification or shelving scheme Damaged status Not for loan Collection code Permanent Location Current Location Shelving location Date acquired Source of acquisition Cost, normal purchase price Total Checkouts Full call number Date last seen Copy number Koha item type
  Dewey Decimal Classification   Added to bundle Non-fiction Central Library, University of Rajshahi Central Library, University of Rajshahi Reading Room 30/08/1968 Zitlinger 9.60   917 MON 1965 10/03/2014 C-1 Books